Eight-step process to successful ISO 9000 implementation : (Record no. 3577)

000 -LEADER
fixed length control field nam a22 a 4500
003 - CONTROL NUMBER IDENTIFIER
control field AKMAL
005 - DATE AND TIME OF LATEST TRANSACTION
control field 20170523113354.0
008 - FIXED-LENGTH DATA ELEMENTS--GENERAL INFORMATION
fixed length control field 170523s1996 -us 00 eng d
020 ## - INTERNATIONAL STANDARD BOOK NUMBER
International Standard Book Number 0873893271 (pbk.):
Terms of availability USD 32.95
040 ## - CATALOGING SOURCE
Original cataloging agency AKMAL
082 04 - DEWEY DECIMAL CLASSIFICATION NUMBER
Classification number 658.562 WIL
090 20 - LOCALLY ASSIGNED LC-TYPE CALL NUMBER (OCLC); LOCAL CALL NUMBER (RLIN)
Classification number (OCLC) (R) ; Classification number, CALL (RLIN) (NR) 658.562
Local cutter number (OCLC) ; Book number/undivided call number, CALL (RLIN) WIL
100 1# - MAIN ENTRY--PERSONAL NAME
Personal name Wilson, Lawrence A.
9 (RLIN) 7081
245 10 - TITLE STATEMENT
Title Eight-step process to successful ISO 9000 implementation :
Remainder of title a quality management system approach /
Statement of responsibility, etc. Lawrence A. Wilson
260 ## - PUBLICATION, DISTRIBUTION, ETC.
Place of publication, distribution, etc. Milwaukee :
Name of publisher, distributor, etc. ASQC Quality Press,
Date of publication, distribution, etc. 1996
300 ## - PHYSICAL DESCRIPTION
Extent xi, 324p. :
Other physical details ill. ;
Dimensions 24cm
504 ## - BIBLIOGRAPHY, ETC. NOTE
Bibliography, etc. note Includes bibliographical references and index
650 ## - SUBJECT ADDED ENTRY--TOPICAL TERM
Topical term or geographic name entry element ISO 9000 Series Standards
9 (RLIN) 546
942 ## - ADDED ENTRY ELEMENTS (KOHA)
Source of classification or shelving scheme
Koha item type Book
Holdings
Withdrawn status Lost status Source of classification or shelving scheme Damaged status Not for loan Collection code Home library Current library Shelving location Date acquired Inventory number Total Checkouts Full call number Barcode Date last seen Price effective from Koha item type
          NON-FICTION AKMAL Melaka AKMAL Melaka PINJAMAN 23.05.2017 001767   658.562 WIL 201704647 23.05.2017 23.05.2017 Book
Pusat Sumber Maklumat Dato' Haji Sarmin Md Hussin, Akademi Kastam Diraja Malaysia, Melaka
Tel: 06-2331106 | Faks: 06-2313787